Sports Quiz

Random Sports or WWE Quiz

WWE TLC Match Competitors Quiz Stats

 Plays Quiz Updated Nov 21, 2016

Challenge
Share
Tweet
Embed
Score 0/31 Timer 06:00
0 Plays Today
TLC Matches Superstar % Correct
2John Cena
89.8%
7Edge
88.8%
5Jeff Hardy
84.9%
3Matt Hardy
84.1%
3Kane
82.6%
4Christian
81.6%
1Triple H
79.3%
1The Undertaker
77.1%
4Bubba Ray Dudley
76.5%
3D-Von Dudley
76.4%
1Randy Orton
75.8%
1Spike Dudley
70.6%
3CM Punk
70.2%
1Shawn Michaels
69.9%
3Chris Jericho
68.9%
1Big Show
67%
TLC Matches Superstar % Correct
3Dean Ambrose
64.5%
2Roman Reigns
64.4%
1Seth Rollins
64.3%
1Sheamus
59.8%
1Daniel Bryan
56.3%
2The Miz
55.6%
1Rey Mysterio
54.3%
2Alberto Del Rio
49.1%
1Chris Benoit
49.1%
1RVD
48.3%
2Ryback
45.9%
1A.J. Styles
45.1%
1Bray Wyatt
42.3%
1Ric Flair
38.2%
1Jerry Lawler
17.8%

You're not logged in!

Compare scores with friends on all Sporcle quizzes.
OR
Log In

You Might Also Like...

Show Comments

Extras

Top Quizzes Today


Score Distribution

Your Account Isn't Verified!

In order to create a playlist on Sporcle, you need to verify the email address you used during registration. Go to your Sporcle Settings to finish the process.

Report this User

Report this user for behavior that violates our Community Guidelines.

Details: